[Event "Quebec op"]
[Site "Montreal CAN"]
[Date "2005.07.23"]
[Round "8"]
[White "Luksza, Arkadiusz"]
[Black "Malek, Omid"]
[Result "0-1"]
[WhiteElo "2173"]
[BlackElo "2021"]
[PlyCount "110"]
[GameId "2160767910901043"]
[EventDate "2005.07.17"]
[EventType "swiss"]
[EventRounds "9"]
[EventCountry "CAN"]
[SourceTitle "hb 2012"]

1. c4 c6 2. e4 d5 3. exd5 cxd5 4. d4 e6 5. Nc3 Nf6 6. Nf3 Bb4 7. a3 Bxc3+ 8. bxc3 O-O 9. Qc2 Nbd7 10. Bd3 dxc4 11. Bxc4 Qc7 12. Bd3 b6 13. Ng5 h6 14. Ne4 Bb7 15. Bd2 Nd5 16. O-O Rac8 17. Rac1 Nf4 18. Bxf4 Qxf4 19. Qe2 Rfd8 20. Rfe1 Nf8 21. Qe3 Ng6 22. Ng3 Qxe3 23. fxe3 Ne7 24. e4 Ng6 25. Ne2 Ne5 26. Bb5 Nc4 27. Bxc4 Rxc4 28. e5 Ra4 29. Ra1 Rc8 30. Kf2 Ra5 31. Reb1 Ba6 32. a4 Bxe2 33. Kxe2 Rxc3 34. Rb5 Rc2+ 35. Kf3 Rd2 36. Rxa5 bxa5 37. Ke4 Rxg2 38. Rc1 g5 39. Rc5 Rxh2 40. Rxa5 Rh3 41. Rxa7 h5 42. Rb7 Ra3 43. Rb4 Kg7 44. d5 exd5+ 45. Kf5 g4 46. Kg5 Kf8 47. Kxh5 g3 48. Rg4 Ke7 49. Kh4 Ke6 50. Kh3 Kxe5 51. Rg5+ f5 52. Rg8 Rxa4 53. Kxg3 Ke4 54. Kf2 d4 55. Kf1 d3 0-1

[Event "Quebec op"]
[Site "Montreal CAN"]
[Date "2005.07.23"]
[Round "8"]
[White "Malveau, Cedric"]
[Black "Jodoin, Pierre"]
[Result "1-0"]
[WhiteElo "1962"]
[BlackElo "1761"]
[PlyCount "89"]
[GameId "2160767910901044"]
[EventDate "2005.07.17"]
[EventType "swiss"]
[EventRounds "9"]
[EventCountry "CAN"]
[SourceTitle "hb 2012"]

1. d4 d5 2. c4 c6 3. Nf3 e6 4. Nc3 Nf6 5. Bg5 Nbd7 6. cxd5 exd5 7. a3 Be7 8. e3 h6 9. Bh4 O-O 10. Bd3 Ne4 11. Bxe7 Qxe7 12. O-O Ndf6 13. Qc2 Bd7 14. Ne5 Rae8 15. b4 a6 16. Rab1 Ng4 17. Bxe4 dxe4 18. Nxd7 Qxd7 19. h3 Nf6 20. a4 Qe6 21. b5 axb5 22. axb5 Rc8 23. bxc6 Qxc6 24. Rfc1 Nd5 25. Rb3 Rfe8 26. Qb2 b6 27. Ne2 Qd6 28. Rb5 Rxc1+ 29. Nxc1 Rc8 30. Ne2 Ra8 31. Nc3 Nf6 32. Rxb6 Ra1+ 33. Nb1 Qc7 34. Rb7 Ra2 35. Rxc7 Rxb2 36. Nc3 Rc2 37. Nd5 Rxc7 38. Nxc7 Kf8 39. Kh2 Ke7 40. g4 Kd6 41. Nb5+ Kd5 42. Kg3 g5 43. f4 exf3 44. Kxf3 Kc4 45. Nd6+ 1-0

[Event "Quebec op"]
[Site "Montreal CAN"]
[Date "2005.07.23"]
[Round "8"]
[White "Masse, Hugues"]
[Black "Arsenault, Nicolas"]
[Result "1-0"]
[WhiteElo "2264"]
[BlackElo "2048"]
[PlyCount "31"]
[GameId "2160767910901045"]
[EventDate "2005.07.17"]
[EventType "swiss"]
[EventRounds "9"]
[EventCountry "CAN"]
[SourceTitle "hb 2012"]

1. d4 Nf6 2. c4 g6 3. Nc3 Bg7 4. e4 d6 5. Nf3 O-O 6. Be2 e5 7. Be3 Ng4 8. Bg5 f6 9. Bh4 Nh6 10. dxe5 dxe5 11. Qxd8 Rxd8 12. Nd5 Na6 13. Nxf6+ Kh8 14. Nxh7 Rd6 15. Nhg5 Bg4 16. Rd1 1-0

[Event "Quebec op"]
[Site "Montreal CAN"]
[Date "2005.07.23"]
[Round "8"]
[White "Rivest, Jean-Michel"]
[Black "Feoktistov, Dmitri"]
[Result "0-1"]
[WhiteElo "1921"]
[BlackElo "2234"]
[PlyCount "100"]
[GameId "2160767910901046"]
[EventDate "2005.07.17"]
[EventType "swiss"]
[EventRounds "9"]
[EventCountry "CAN"]
[SourceTitle "hb 2012"]

1. e4 c6 2. d4 d5 3. Nc3 dxe4 4. Nxe4 Nf6 5. Nc5 b6 6. Nb3 e6 7. Nf3 Bd6 8. Bg5 Nbd7 9. Bd3 Qc7 10. Qe2 h6 11. Bd2 a5 12. a4 Nd5 13. g3 Nb4 14. Bxb4 axb4 15. O-O O-O 16. Nbd2 Rd8 17. Nc4 Be7 18. Nfe5 Nf6 19. c3 Bb7 20. Rfe1 Bf8 21. Nxf7 Qxf7 22. Nxb6 Rab8 23. Bc4 Nd5 24. a5 Re8 25. Bb3 c5 26. a6 Nxb6 27. axb7 Qxb7 28. Bxe6+ Kh8 29. Qh5 cxd4 30. cxd4 Nd7 31. g4 Nf6 32. Qg6 Rxe6 33. Rxe6 Qd7 34. Rae1 Qxd4 35. h3 Qxb2 36. g5 hxg5 37. Qxg5 Qd4 38. R1e5 Nh7 39. Qh5 b3 40. Re8 Rxe8 41. Rxe8 Qb4 42. Qf5 b2 43. Qb1 Ng5 44. Rxf8+ Qxf8 45. Qxb2 Nxh3+ 46. Kg2 Nf4+ 47. Kg1 Qf5 48. Qb3 Qg4+ 49. Kf1 Qe2+ 50. Kg1 Qe1+ 0-1

[Event "Quebec op"]
[Site "Montreal CAN"]
[Date "2005.07.23"]
[Round "8"]
[White "Tremblay, Rejean"]
[Black "Trahan, Daniel"]
[Result "1/2-1/2"]
[WhiteElo "2223"]
[BlackElo "1999"]
[PlyCount "92"]
[GameId "2160767910901047"]
[EventDate "2005.07.17"]
[EventType "swiss"]
[EventRounds "9"]
[EventCountry "CAN"]
[SourceTitle "hb 2012"]

1. d4 Nf6 2. c4 e6 3. Nc3 Bb4 4. Qc2 O-O 5. a3 Bxc3+ 6. Qxc3 b6 7. Bg5 Bb7 8. f3 h6 9. Bh4 d5 10. e3 Nbd7 11. cxd5 Nxd5 12. Bxd8 Nxc3 13. Bxc7 Nd5 14. Bd6 Nxe3 15. Bxf8 Nc2+ 16. Kd2 Nxa1 17. Bb4 Nf6 18. Bc4 Rc8 19. Kd3 Bd5 20. Bxd5 Nxd5 21. Ne2 Nxb4+ 22. axb4 Nc2 23. b5 Nb4+ 24. Ke3 Rc2 25. Rb1 g5 26. h3 Kg7 27. g3 Kg6 28. f4 f5 29. g4 Kf6 30. gxf5 exf5 31. fxg5+ hxg5 32. Kf3 g4+ 33. hxg4 fxg4+ 34. Ke3 Nd5+ 35. Kd3 Rc7 36. Ke4 Re7+ 37. Kxd5 Rxe2 38. Kc6 g3 39. Rf1+ Rf2 40. Rg1 g2 41. d5 Ke7 42. d6+ Kd8 43. b4 Rc2+ 44. Kb7 Ra2 45. Kc6 Rc2+ 46. Kb7 Ra2 1/2-1/2

[Event "Quebec op"]
[Site "Montreal CAN"]
[Date "2005.07.23"]
[Round "8"]
[White "Wilkin, Alain"]
[Black "St Amand, Paul Jr"]
[Result "1/2-1/2"]
[WhiteElo "1948"]
[BlackElo "2109"]
[PlyCount "105"]
[GameId "2160767910901048"]
[EventDate "2005.07.17"]
[EventType "swiss"]
[EventRounds "9"]
[EventCountry "CAN"]
[SourceTitle "hb 2012"]

1. e4 c5 2. Nf3 d6 3. d4 cxd4 4. Nxd4 Nf6 5. Nc3 a6 6. Be2 e5 7. Nb3 Be7 8. Be3 Be6 9. O-O O-O 10. f4 exf4 11. Rxf4 Nc6 12. Nd5 Bxd5 13. exd5 Ne5 14. Rb4 Qc7 15. Bb6 Qc8 16. a4 Nfd7 17. Bf2 Qc7 18. a5 Rac8 19. Nd4 Rfe8 20. c3 Bf6 21. Nf5 g6 22. Nh6+ Kh8 23. Ng4 Bg7 24. Nxe5 Nxe5 25. Bf1 Re7 26. Qb3 Qd7 27. h3 f5 28. Bh4 Rf7 29. Raa4 Rc7 30. Bg3 h6 31. Bxe5 Bxe5 32. Rc4 Rc5 33. Rxc5 dxc5 34. Ra1 Re7 35. Rd1 Bd6 36. Qc2 Re3 37. Rd3 Rxd3 38. Bxd3 Qe7 39. Qe2 Kg7 40. Qxe7+ Bxe7 41. Kf2 Kf6 42. Be2 Ke5 43. Bf3 Bd8 44. d6 b6 45. axb6 Bxb6 46. Be2 Kxd6 47. Bxa6 c4+ 48. Ke2 Kc5 49. Bc8 Bc7 50. Be6 Be5 51. b3 cxb3 52. Bxb3 Bxc3 53. Bf7 1/2-1/2

[Event "Quebec op"]
[Site "Montreal CAN"]
[Date "2005.07.23"]
[Round "8"]
[White "Ye, Ling Feng"]
[Black "Yao, Sammy"]
[Result "1-0"]
[WhiteElo "2051"]
[BlackElo "1862"]
[PlyCount "67"]
[GameId "2160767910901049"]
[EventDate "2005.07.17"]
[EventType "swiss"]
[EventRounds "9"]
[EventCountry "CAN"]
[SourceTitle "hb 2012"]

1. e4 c5 2. Nc3 Nc6 3. Nge2 e5 4. Nd5 Nf6 5. Nec3 d6 6. Bc4 Be6 7. d3 h6 8. O-O a6 9. a4 Nb4 10. f4 Nbxd5 11. exd5 Bg4 12. Qe1 Be7 13. fxe5 dxe5 14. Qxe5 O-O 15. Qg3 Qd7 16. h3 Bd6 17. Bf4 Nh5 18. Qxg4 Qxg4 19. hxg4 Nxf4 20. Rae1 Ng6 21. Ne4 Be5 22. c3 b6 23. Rf5 b5 24. axb5 axb5 25. Bxb5 Rab8 26. c4 Bxb2 27. d6 Bd4+ 28. Kh1 Rfd8 29. d7 Nf8 30. Nd6 f6 31. Re8 g6 32. Rd5 Kg7 33. Rxd8 Rxd8 34. Nb7 1-0

[Event "Quebec op U1400"]
[Site "Montreal CAN"]
[Date "2005.07.22"]
[Round "6"]
[White "O'Connor, Joseph"]
[Black "Svetlovsky, Nicolas"]
[Result "1-0"]
[WhiteElo "1053"]
[BlackElo "944"]
[PlyCount "89"]
[GameId "2160767910901051"]
[EventDate "2005.07.17"]
[EventType "swiss"]
[EventRounds "9"]
[EventCountry "CAN"]
[SourceTitle "hb 2012"]

1. d4 d5 2. c4 Nf6 3. Nc3 e6 4. e3 Be7 5. cxd5 Nxd5 6. Nxd5 exd5 7. Nf3 O-O 8. h3 c6 9. Bd3 Nd7 10. O-O f5 11. Qc2 Nb6 12. Ne5 Be6 13. g4 Bd6 14. gxf5 Bxe5 15. fxe6 Qg5+ 16. Kh1 Rf3 17. Bxh7+ Kh8 18. Bf5 Rf8 19. e4 Bf4 20. Bxf4 Rxf4 21. f3 Nc4 22. Qg2 Qxg2+ 23. Kxg2 Ne3+ 24. Kg3 g5 25. Rh1 Nxf5+ 26. exf5 R4xf5 27. Raf1 Re8 28. h4 Kg7 29. Kg4 Rf4+ 30. Kxg5 Rxd4 31. Kf5 Rf8+ 32. Ke5 Rdf4 33. Rhg1+ Kh6 34. e7 R4f5+ 35. Ke6 R5f6+ 36. Kd7 R8f7 37. Re1 Rxf3 38. Kd8 Rxe7 39. Rxe7 Rf8+ 40. Re8 Rxe8+ 41. Kxe8 Kh5 42. Rg7 b5 43. Rxa7 Kxh4 44. Rc7 d4 45. Rxc6 1-0

[Event "Quebec op U1400"]
[Site "Montreal CAN"]
[Date "2005.07.23"]
[Round "7"]
[White "Stern, Jon"]
[Black "Miron, Gilles"]
[Result "1-0"]
[WhiteElo "1395"]
[BlackElo "1279"]
[PlyCount "85"]
[GameId "2160767910901052"]
[EventDate "2005.07.17"]
[EventType "swiss"]
[EventRounds "9"]
[EventCountry "CAN"]

1. e4 e6 2. d4 d5 3. e5 c5 4. c3 Nc6 5. Nf3 Qb6 6. Be2 Nge7 7. O-O cxd4 8. cxd4 Nf5 9. Bd3 Nfxd4 10. Ng5 h6 11. Qh5 Qc7 12. Nxf7 Qxf7 13. Bg6 Nxe5 14. Bxf7+ Nxf7 15. Nc3 Bd7 16. Be3 Nf5 17. g4 N5d6 18. Bc5 Rc8 19. Bxa7 Be7 20. Bd4 O-O 21. Qg6 e5 22. Nxd5 Bh4 23. Bxe5 Nxe5 24. Qxd6 Nf3+ 25. Kg2 Bc6 26. Ne7+ Bxe7 27. Qxe7 Ne5+ 28. f3 Nxg4 29. Qe6+ Kh8 30. Qxg4 Rc7 31. Rac1 Rcf7 32. Rxc6 bxc6 33. Rc1 Rf5 34. h4 c5 35. Rc4 Rd5 36. Kg3 Rfd8 37. b4 Rd4 38. Rxd4 cxd4 39. Kf2 d3 40. Ke1 Ra8 41. Kd2 Rxa2+ 42. Kxd3 Ra3+ 43. Kc4 1-0

[Event "Quebec op U1400"]
[Site "Montreal CAN"]
[Date "2005.07.23"]
[Round "8"]
[White "Stern, Jon"]
[Black "Neumark-Gaudet, Zev"]
[Result "1-0"]
[WhiteElo "1395"]
[BlackElo "1367"]
[PlyCount "99"]
[GameId "2160767910901053"]
[EventDate "2005.07.17"]
[EventType "swiss"]
[EventRounds "9"]
[EventCountry "CAN"]
[SourceTitle "hb 2012"]

1. e4 c5 2. Nf3 Nc6 3. d4 cxd4 4. Nxd4 Nf6 5. Nc3 d6 6. Bb5 Bd7 7. Be3 e5 8. Nxc6 bxc6 9. Bc4 Be7 10. f4 O-O 11. f5 d5 12. exd5 cxd5 13. Nxd5 Bxf5 14. Nxe7+ Qxe7 15. O-O Bg6 16. Kh1 Rac8 17. Bb3 Rfd8 18. Qe2 Nd5 19. Bg1 Rd7 20. Rac1 e4 21. Bxa7 Rxa7 22. Bxd5 h6 23. Rf4 Qd6 24. Qd2 Kh8 25. Rd1 Rxc2 26. Qxc2 Qxf4 27. Re1 e3 28. Qe2 Re7 29. Bf3 f5 30. b3 Qd4 31. Qc4 Qd2 32. Qe2 Qc3 33. g3 h5 34. h4 Be8 35. Rd1 g6 36. Rd3 Qe5 37. a4 Qxg3 38. Rxe3 Qxh4+ 39. Kg2 Qg5+ 40. Kf2 Rxe3 41. Qxe3 Qxe3+ 42. Kxe3 Kg7 43. a5 Bb5 44. Be2 Bc6 45. a6 h4 46. Bf3 f4+ 47. Kxf4 g5+ 48. Kg4 Bxf3+ 49. Kxf3 h3 50. Kg3 1-0

[Event "Quebec op U1400"]
[Site "Montreal CAN"]
[Date "2005.07.24"]
[Round "9"]
[White "Ouimet, Bruno"]
[Black "Stern, Jon"]
[Result "0-1"]
[WhiteElo "1388"]
[BlackElo "1395"]
[PlyCount "86"]
[GameId "2160767910901054"]
[EventDate "2005.07.17"]
[EventType "swiss"]
[EventRounds "9"]
[EventCountry "CAN"]

1. e4 c5 2. Nf3 d6 3. d4 cxd4 4. Nxd4 Nf6 5. Nc3 g6 6. Be3 Bg7 7. Bc4 Nc6 8. h3 Bd7 9. Qd2 O-O 10. O-O-O Rc8 11. Bb3 Ne5 12. Bh6 Nc4 13. Bxc4 Rxc4 14. Bxg7 Kxg7 15. g4 e5 16. Nde2 Be6 17. Ng3 Qa5 18. Qxd6 Rxc3 19. bxc3 Qxc3 20. Qd3 Qc5 21. Qe3 Qxe3+ 22. fxe3 Bxa2 23. g5 Ng8 24. Rd7 Rb8 25. Rc7 Be6 26. Kd2 a5 27. Ra1 b6 28. h4 Kf8 29. Rb1 Ne7 30. Rb5 Nc8 31. Rxe5 Nd6 32. Kc3 b5 33. Kd4 Nc4 34. Rec5 Rd8+ 35. Kc3 b4+ 36. Kb3 Nb6+ 37. c4 Rd3+ 38. Kc2 Rc3+ 39. Kb1 Rxe3 40. R5c6 Nxc4 41. Nf5 gxf5 42. exf5 Bxf5+ 43. Ka2 b3+ 0-1

[Event "Quebec op U1700"]
[Site "Montreal CAN"]
[Date "2005.07.15"]
[Round "1"]
[White "Qin, Zi Yi (Joey)"]
[Black "Gauthier-Raymond, Denis"]
[Result "0-1"]
[WhiteElo "1543"]
[BlackElo "1559"]
[PlyCount "132"]
[GameId "2160767910901055"]
[EventDate "2005.07.17"]
[EventType "swiss"]
[EventRounds "9"]
[EventCountry "CAN"]

1. e4 c6 2. d4 d5 3. e5 Bf5 4. Nf3 e6 5. Be2 Bb4+ 6. Bd2 Qb6 7. b3 a5 8. a3 Be7 9. Nc3 Nd7 10. Be3 Nh6 11. h3 Bg6 12. O-O Nf5 13. Bc1 Qc7 14. a4 Rc8 15. Nh2 Bb4 16. Na2 Be7 17. f4 Qb6 18. c3 c5 19. g4 Ng3 20. Re1 cxd4 21. cxd4 Bc2 22. Qd2 Ne4 23. Qe3 Bh4 24. Rf1 Qxb3 25. Qxb3 Bxb3 26. Bd3 Bc4 27. Rf3 Bxd3 28. Rxd3 Rc2 29. Nf3 Bf2+ 30. Kh1 Bg3 31. Be3 Bxf4 32. Kg1 Bxe3+ 33. Rxe3 O-O 34. Ne1 Rc4 35. Rb3 b6 36. Rd1 Rxa4 37. Nc3 Nxc3 38. Rxc3 Rc4 39. Ra3 Rfc8 40. Kf2 f6 41. exf6 Nxf6 42. Rb1 R8c6 43. Nf3 Ne4+ 44. Ke3 Rc3+ 45. Rxc3 Rxc3+ 46. Ke2 Rxf3 47. Rxb6 Rxh3 48. Rxe6 Kf7 49. Ra6 a4 50. Ke1 a3 51. Kf1 Rb3 52. Ra7+ Kg6 53. Ra6+ Kg5 54. Ra7 g6 55. Rg7 a2 56. Ke2 Ng3+ 57. Kd2 a1=Q 58. Rc7 Qa2+ 59. Rc2 Ne4+ 60. Kd1 Nf2+ 61. Kd2 Rd3+ 62. Ke1 Rd1+ 63. Ke2 Qxc2+ 64. Kf3 Rd3+ 65. Kg2 Nh3+ 66. Kh1 Rd1# 0-1

[Event "Quebec op U1700"]
[Site "Montreal CAN"]
[Date "2005.07.16"]
[Round "2"]
[White "Gauthier, Martin"]
[Black "Qin, Zi Yi (Joey)"]
[Result "0-1"]
[WhiteElo "1427"]
[BlackElo "1543"]
[PlyCount "78"]
[GameId "2160767910901056"]
[EventDate "2005.07.17"]
[EventType "swiss"]
[EventRounds "9"]
[EventCountry "CAN"]

1. d4 Nf6 2. c4 g6 3. Nc3 d5 4. e3 Bg7 5. Nf3 Nc6 6. Qb3 e6 7. cxd5 exd5 8. Bb5 O-O 9. Bxc6 bxc6 10. Ne5 Qd6 11. Nd3 Re8 12. h3 Nd7 13. O-O Ba6 14. Qc2 c5 15. Ne2 cxd4 16. exd4 Re4 17. Be3 Rae8 18. Rfe1 f5 19. Rac1 c6 20. Nc5 Nxc5 21. Qxc5 Qxc5 22. Rxc5 Bxe2 23. Rxe2 f4 24. Rxc6 fxe3 25. fxe3 Rxe3 26. Rf2 Re1+ 27. Kh2 Bxd4 28. Rfc2 Be5+ 29. g3 Bb8 30. Rc8 R1e2+ 31. Kg1 Bxg3 32. Rxe8+ Rxe8 33. b4 Rd8 34. b5 d4 35. a4 d3 36. Rc1 Bf4 37. Rd1 d2 38. Kf2 Bh6 39. a5 Rb8 0-1

[Event "Quebec op U1700"]
[Site "Montreal CAN"]
[Date "2005.07.16"]
[Round "2"]
[White "Gauthier-Raymond, Denis"]
[Black "Morin, Daniel"]
[Result "0-1"]
[WhiteElo "1559"]
[BlackElo "1471"]
[PlyCount "62"]
[GameId "2160767910901057"]
[EventDate "2005.07.17"]
[EventType "swiss"]
[EventRounds "9"]
[EventCountry "CAN"]

1. c4 Nf6 2. Nc3 g6 3. e4 d6 4. d4 Bg7 5. Bd3 O-O 6. Nge2 e5 7. Bg5 h6 8. dxe5 dxe5 9. Bh4 g5 10. Bg3 Nh5 11. O-O Nc6 12. a3 f5 13. exf5 Bxf5 14. Bxf5 Rxf5 15. Qc2 Rf7 16. Rad1 Qf8 17. Qg6 Nf4 18. Bxf4 exf4 19. f3 Ne5 20. Qe6 Re8 21. Qd5 c6 22. Qd4 Nxf3+ 23. Rxf3 Bxd4+ 24. Nxd4 Rfe7 25. Kf2 Re3 26. g4 fxg3+ 27. Kxg3 Rxf3+ 28. Nxf3 Qf4+ 29. Kg2 Qg4+ 30. Kf2 Rf8 31. Rd3 Qxc4 0-1

[Event "Quebec op U1700"]
[Site "Montreal CAN"]
[Date "2005.07.16"]
[Round "3"]
[White "Qin, Zi Yi (Joey)"]
[Black "Allard, Laurent"]
[Result "1-0"]
[WhiteElo "1543"]
[BlackElo "1291"]
[PlyCount "71"]
[GameId "2160767910901058"]
[EventDate "2005.07.17"]
[EventType "swiss"]
[EventRounds "9"]
[EventCountry "CAN"]

1. b3 Nf6 2. Bb2 b6 3. f4 e6 4. Nf3 Be7 5. e3 O-O 6. Be2 Bb7 7. h3 d5 8. O-O c5 9. d3 Nc6 10. Nbd2 Nb8 11. Ne5 Nbd7 12. Ndf3 Bd6 13. Qe1 Nxe5 14. fxe5 Bxe5 15. Nxe5 d4 16. exd4 cxd4 17. Bf3 Bxf3 18. Nxf3 Qc7 19. Qe2 e5 20. Rfc1 Rfe8 21. Nd2 Nd5 22. Qf3 Rad8 23. Ne4 Ne3 24. c3 f5 25. Nf2 Qe7 26. cxd4 exd4 27. Qf4 g5 28. Qf3 Rd7 29. Rc6 Kh8 30. g3 g4 31. Qf4 Red8 32. Re1 Kg8 33. hxg4 fxg4 34. Nxg4 Qb4 35. Nh6+ Kh8 36. Qf6+ 1-0

[Event "Quebec op U1700"]
[Site "Montreal CAN"]
[Date "2005.07.17"]
[Round "4"]
[White "Gerard, Patrice"]
[Black "Qin, Zi Yi (Joey)"]
[Result "0-1"]
[WhiteElo "1687"]
[BlackElo "1543"]
[PlyCount "52"]
[GameId "2160767910901059"]
[EventDate "2005.07.17"]
[EventType "swiss"]
[EventRounds "9"]
[EventCountry "CAN"]

1. e4 c5 2. Nf3 Nc6 3. d4 cxd4 4. Nxd4 Nf6 5. Nc3 e5 6. Ndb5 d6 7. Bg5 a6 8. Na3 b5 9. Nd5 Be7 10. Bxf6 Bxf6 11. c3 Bg5 12. Nc2 O-O 13. h4 Be7 14. g4 Bxh4 15. Qf3 Bg5 16. Nce3 Ne7 17. Bd3 Ng6 18. Ke2 Nf4+ 19. Nxf4 Bxf4 20. Rag1 g6 21. Nd5 Bg5 22. Rg2 Kg7 23. Qg3 Bb7 24. f4 exf4 25. Nxf4 Qe7 26. Qf3 d5 0-1

[Event "Quebec op U1700"]
[Site "Montreal CAN"]
[Date "2005.07.17"]
[Round "4"]
[White "Xiong, Sonja"]
[Black "Gauthier-Raymond, Denis"]
[Result "1-0"]
[WhiteElo "1550"]
[BlackElo "1559"]
[PlyCount "112"]
[GameId "2160767910901060"]
[EventDate "2005.07.17"]
[EventType "swiss"]
[EventRounds "9"]
[EventCountry "CAN"]

1. e4 c6 2. d4 d5 3. f3 dxe4 4. fxe4 e5 5. Nf3 exd4 6. Qxd4 Be7 7. Bc4 Bg4 8. Qxg7 Bxf3 9. gxf3 Bh4+ 10. Ke2 Qf6 11. Bxf7+ Qxf7 12. Qe5+ Kf8 13. Bh6+ Nxh6 14. Qxh8+ Ng8 15. Qd4 Na6 16. Nc3 Rd8 17. Qxa7 Qc4+ 18. Ke3 Nb4 19. Rac1 Ne7 20. Rhd1 Nxc2+ 21. Rxc2 Rxd1 22. Qb8+ Kg7 23. Rg2+ Ng6 24. Nxd1 Qc5+ 25. Kd3 Qb5+ 26. Kc2 Qc4+ 27. Nc3 b5 28. a3 Be1 29. Qe5+ Kf8 30. Qf6+ Ke8 31. Rg1 Bh4 32. Qg7 Nf8 33. Qg8 Qd4 34. Qg4 Bf6 35. Qh5+ Ke7 36. Rd1 Qf2+ 37. Kb3 Bxc3 38. bxc3 Qg2 39. Qh4+ Kf7 40. Qf4+ Ke7 41. Qc7+ Kf6 42. Rd6+ Ne6 43. Qxc6 Ke5 44. Rxe6+ Kf4 45. Qd6+ Ke3 46. Qd4+ Ke2 47. Rd6 Qg8+ 48. Qd5 Qb8 49. Qd3+ Kf2 50. f4 Qg8+ 51. Qd5 Qb8 52. Qd3 Qg8+ 53. Rd5 Qe8 54. Qg3+ Ke2 55. Rd3 Qe6+ 56. Kb2 Qxe4 1-0

[Event "Quebec op U1700"]
[Site "Montreal CAN"]
[Date "2005.07.22"]
[Round "6"]
[White "Eddouri, Hmida"]
[Black "Desmarais, Andre"]
[Result "1-0"]
[WhiteElo "1438"]
[BlackElo "1468"]
[PlyCount "95"]
[GameId "2160767910901061"]
[EventDate "2005.07.17"]
[EventType "swiss"]
[EventRounds "9"]
[EventCountry "CAN"]
[SourceTitle "hb 2012"]

1. d4 Nf6 2. c4 g6 3. Nc3 Bg7 4. e4 d6 5. Nf3 O-O 6. Be2 b6 7. O-O Bb7 8. d5 c6 9. Bg5 cxd5 10. exd5 Nbd7 11. Qd2 Nc5 12. Bd3 e6 13. Rfe1 e5 14. Rac1 Re8 15. Bc2 a6 16. b4 Ncd7 17. Ne4 Qc7 18. Ba4 Nxe4 19. Rxe4 f6 20. Bh6 Re7 21. Rh4 Nf8 22. Bc2 Bc8 23. Re1 Bxh6 24. Qxh6 Rg7 25. Nd2 b5 26. Rc1 Qf7 27. Ne4 Qe7 28. c5 dxc5 29. bxc5 Bf5 30. Bb3 Kh8 31. Nd6 Bc8 32. Nxc8 Rxc8 33. c6 a5 34. Qd2 f5 35. Rh6 Qb4 36. Qxb4 axb4 37. g3 Rgc7 38. Rh4 e4 39. g4 f4 40. g5 e3 41. fxe3 fxe3 42. Re4 Nd7 43. cxd7 Rxc1+ 44. Kg2 Rd8 45. Re8+ Kg7 46. Rxd8 e2 47. Rg8+ Kxg8 48. d8=Q+ 1-0

[Event "Quebec op U1700"]
[Site "Montreal CAN"]
[Date "2005.07.22"]
[Round "6"]
[White "Gauthier, Martin"]
[Black "Gauthier-Raymond, Denis"]
[Result "0-1"]
[WhiteElo "1427"]
[BlackElo "1559"]
[PlyCount "104"]
[GameId "2160767910901062"]
[EventDate "2005.07.17"]
[EventType "swiss"]
[EventRounds "9"]
[EventCountry "CAN"]
[SourceTitle "hb 2012"]

1. e4 c6 2. d4 d5 3. Nc3 dxe4 4. Nxe4 Nf6 5. Nxf6+ gxf6 6. Nf3 Bf5 7. c3 Qc7 8. Qb3 e6 9. Be2 Nd7 10. O-O Bd6 11. c4 Bg4 12. g3 Qb6 13. Qxb6 axb6 14. Re1 h5 15. Nd2 Bh3 16. d5 h4 17. dxe6 fxe6 18. Bf1 Bf5 19. Nf3 hxg3 20. fxg3 Kf7 21. a3 Rh5 22. Be3 Bg4 23. Be2 Rg8 24. Rad1 Ke7 25. Rd2 Bc7 26. Red1 Nf8 27. b4 f5 28. Rd4 e5 29. R4d2 f4 30. Bf2 e4 31. Nd4 f3 32. Bf1 Rgh8 33. h4 e3 34. Bxe3 Bxg3 35. Bf2 Bxh4 36. Bxh4+ Rxh4 37. Kf2 Ne6 38. Nxf3 Bxf3 39. Kxf3 Rf4+ 40. Ke2 Rxc4 41. Rd7+ Kf6 42. Rxb7 b5 43. Rbd7 Rc3 44. R7d6 Rh2+ 45. Ke1 Re3+ 46. Be2 Rexe2+ 47. Kf1 Rc2 48. Kg1 Rhe2 49. R6d3 Nf4 50. Rf3 Ke5 51. Kf1 Ke4 52. Rg3 Rf2+ 0-1

[Event "Quebec op U1700"]
[Site "Montreal CAN"]
[Date "2005.07.23"]
[Round "7"]
[White "Gauthier-Raymond, Denis"]
[Black "Molloy, Francis"]
[Result "1-0"]
[WhiteElo "1559"]
[BlackElo "1634"]
[PlyCount "33"]
[GameId "2160767910901063"]
[EventDate "2005.07.17"]
[EventType "swiss"]
[EventRounds "9"]
[EventCountry "CAN"]

1. c4 Nf6 2. Nc3 e6 3. e4 d6 4. d4 Be7 5. Bd3 c5 6. Nge2 cxd4 7. Nxd4 Nc6 8. Nxc6 bxc6 9. O-O O-O 10. b3 Nd7 11. Qh5 Nf6 12. Qe2 c5 13. Bb2 h6 14. Rad1 Nd7 15. f4 Bf6 16. e5 dxe5 17. Qe4 1-0

[Event "Quebec op U2000"]
[Site "Montreal CAN"]
[Date "2002.07.13"]
[Round "1"]
[White "Bowles, Charles"]
[Black "Morin, Louis"]
[Result "0-1"]
[WhiteElo "1693"]
[BlackElo "1864"]
[PlyCount "48"]
[GameId "2160767910901064"]
[EventDate "2005.07.17"]
[EventType "swiss"]
[EventRounds "9"]
[EventCountry "CAN"]
[SourceTitle "hb 2013"]

1. Nf3 d5 2. g3 c5 3. Bg2 Nc6 4. d4 Nf6 5. O-O Bg4 6. c3 e6 7. Bg5 h6 8. Bf4 Be7 9. dxc5 Bxc5 10. b4 Bb6 11. a4 O-O 12. a5 Bc7 13. Bxc7 Qxc7 14. Nbd2 Rad8 15. Qa4 Ne4 16. Qa3 Nxd2 17. Nxd2 Bxe2 18. Rfe1 Bh5 19. b5 Ne5 20. c4 dxc4 21. b6 axb6 22. Rxe5 Qxe5 23. Nxc4 Qe2 24. Nxb6 Rd1+ 0-1

[Event "Quebec op U2000"]
[Site "Montreal CAN"]
[Date "2005.07.17"]
[Round "1.1"]
[White "Morin, Louis"]
[Black "Wing, Richard"]
[Result "1-0"]
[WhiteElo "1992"]
[BlackElo "1728"]
[PlyCount "35"]
[GameId "2160767910901065"]
[EventDate "2005.07.17"]
[EventType "swiss"]
[EventRounds "9"]
[EventCountry "CAN"]
[SourceTitle "hb 2013"]

1. e4 e5 2. Qh5 Nc6 3. Bc4 g6 4. Qf3 Nf6 5. Ne2 Bg7 6. d3 d6 7. h3 Be6 8. Bg5 Qe7 9. Nbc3 Bxc4 10. dxc4 Qe6 11. Nd5 Nxd5 12. cxd5 Qd7 13. dxc6 bxc6 14. Bf6 Kf8 15. Qg4 Qe6 16. Qxe6 fxe6 17. Bxg7+ Kxg7 18. O-O 1-0

[Event "Quebec op U2000"]
[Site "Montreal CAN"]
[Date "2005.07.18"]
[Round "2.1"]
[White "Kayembe, Doris"]
[Black "Morin, Louis"]
[Result "1-0"]
[WhiteElo "1861"]
[BlackElo "1992"]
[PlyCount "45"]
[GameId "2160767910901066"]
[EventDate "2005.07.17"]
[EventType "swiss"]
[EventRounds "9"]
[EventCountry "CAN"]
[SourceTitle "hb 2013"]

1. e4 e5 2. Nf3 d6 3. d4 Nf6 4. dxe5 Nxe4 5. Bd3 Nc5 6. O-O Bg4 7. exd6 Bxd6 8. Re1+ Ne6 9. Qe2 Nc6 10. Qe4 Bh5 11. Ng5 Bg6 12. Nxe6 Qf6 13. Nxg7+ Kd8 14. Nf5 Kd7 15. Qg4 h5 16. Qh3 Ne5 17. Nxd6+ Kxd6 18. Bxg6 fxg6 19. Nc3 Kc6 20. Ne4 Qf5 21. Qc3+ Kd5 22. f4 Nf7 23. Qxc7 1-0

[Event "Quebec op U2000"]
[Site "Montreal CAN"]
[Date "2005.07.19"]
[Round "3.1"]
[White "Morin, Louis"]
[Black "Campbell, Martin-Alexandre"]
[Result "1-0"]
[WhiteElo "1992"]
[BlackElo "1747"]
[PlyCount "53"]
[GameId "2160767910901067"]
[EventDate "2005.07.17"]
[EventType "swiss"]
[EventRounds "9"]
[EventCountry "CAN"]
[SourceTitle "hb 2013"]

1. e4 e5 2. Qh5 Nc6 3. Bc4 Qe7 4. Ne2 Nf6 5. Qf3 d6 6. h3 Be6 7. d3 Nb4 8. Na3 Bxc4 9. dxc4 Qd7 10. c3 Nc6 11. Nc2 Be7 12. Ng3 Nd8 13. Nf5 Ne6 14. Nb4 c6 15. Be3 Nc5 16. Bxc5 dxc5 17. Rd1 Qc7 18. Nc2 g6 19. Nh6 Rd8 20. O-O Rxd1 21. Rxd1 Kf8 22. g4 Kg7 23. g5 Bd8 24. gxf6+ Kxh6 25. Ne3 g5 26. Qf5 Qb8 27. Rd7 1-0